[Event "AUTO-OPEN-703"]
[Site "http://www.queenalice.com/game.php?id=227087"]
[Date "2007.6.18"]
[Round "1"]
[White "josecastroman"]
[Black "Gustavo14deltablon"]
[Result "0-1"]
[WhiteElo "1734"]
[BlackElo "1694"]

1. e4 e6 2. Nf3 d5 3. exd5 exd5 4. d4 Bg4 5. h3 Bh5 6. g4 Bg6 7. Nc3 c6 8. Be3
Bd6 9. a3 Nf6 10. Bg5 Nbd7 11. Qe2+ Qe7 12. O-O-O O-O-O 13. Re1 Rhe8 14. Qd2 Qf8
15. Bd3 Bxd3 16. Qxd3 h6 17. Bh4 g5 18. Bg3 Bxg3 19. fxg3 Qd6 20. Rhg1 Rxe1+ 21.
Nxe1 Re8 22. Kb1 Ne4 23. Nxe4 dxe4 24. Qe3 Nf6 25. c3 Nd5 26. Qe2 Qxa3 27. Qc4
Qd6 28. Nc2 Qe6 29. Qe2 Rf8 30. Rf1 f5 31. gxf5 Rxf5 32. Re1 Nf6 33. Ne3 Ra5 34.
Kc2 Qxh3 35. Nc4 Rd5 36. Rg1 Kc7 37. Ne5 Qe6 38. Rf1 c5 39. Qc4 Rxe5 40. Qe2
cxd4 41. cxd4 Ra5 42. Rc1 Kd7 43. Kd1 Qb3+ 44. Ke1 Qxg3+ 45. Kd1 Qf3 0-1

[Event "Challenge"]
[Site "http://www.queenalice.com/game.php?id=240900"]
[Date "2007.7.16"]
[Round "-"]
[White "Kronista"]
[Black "Gustavo14deltablon"]
[Result "1-0"]
[WhiteElo "1788"]
[BlackElo "1713"]

1. e4 e6 2. d4 d5 3. exd5 exd5 4. Nf3 Nf6 5. Bg5 Bd6 6. Bd3 O-O 7. O-O Bg4 8.
Nbd2 Nbd7 9. Re1 c6 10. h3 Bh5 11. Rc1 h6 12. Bh4 Qb6 13. b3 Rfe8 14. g4 Bg6 15.
Bxg6 fxg6 16. c4 dxc4 17. Nxc4 Qc7 18. Nxd6 Qxd6 19. Qd3 g5 20. Bg3 Qd5 21. h4
gxh4 22. Nxh4 Nxg4 23. Qf5 Qxf5 24. Nxf5 Rxe1+ 25. Rxe1 Rf8 26. Re7 Rxf5 27.
Rxd7 Rf7 28. Rd8+ Rf8 29. Rd7 Rf7 30. Rd8+ Kh7 31. Kg2 g5 32. d5 cxd5 33. Rxd5
Kg6 34. a4 h5 35. b4 h4 36. Bb8 a6 37. Ba7 Rxf2+ 38. Bxf2 h3+ 39. Kg3 h2 40. Rd1
Ne5 41. Kxh2 g4 42. Rd6+ Kf5 43. Bd4 Nf3+ 44. Kg3 Ke4 45. Bb6 Ne5 46. Re6 1-0

[Event "Challenge"]
[Site "http://www.queenalice.com/game.php?id=270578"]
[Date "2007.9.12"]
[Round "-"]
[White "Gustavo14deltablon"]
[Black "Crumbnick"]
[Result "0-1"]
[WhiteElo "1711"]
[BlackElo "1856"]

1. d4 d5 2. c4 c6 3. Nf3 Nf6 4. Nc3 e6 5. e3 Nbd7 6. Bd3 dxc4 7. Bxc4 Bb4 8. Bd2
O-O 9. O-O Qe7 10. a3 Bd6 11. b4 e5 12. d5 Nb6 13. Qb3 e4 14. Nd4 Bxh2+ 15. Kxh2
Ng4+ 16. Kg1 Qh4 17. Rfc1 Nxc4 18. Qxc4 Qh2+ 19. Kf1 Ne5 20. Qb3 Qh1+ 21. Ke2
Bg4+ 22. f3 exf3+ 23. Nxf3 Qxg2+ 24. Kd1 Nxf3 25. Ne2 Bf5 26. Qc3 cxd5 27. Nf4
Qf1+ 28. Be1 d4 29. exd4 Rae8 0-1

[Event "AUTO-ADV-647"]
[Site "http://www.queenalice.com/game.php?id=271206"]
[Date "2007.9.13"]
[Round "1"]
[White "Gustavo14deltablon"]
[Black "Dean20"]
[Result "1-0"]
[WhiteElo "1711"]
[BlackElo "1637"]

1. d4 e6 2. c4 Nf6 3. Nc3 d5 4. Bg5 h6 5. Bh4 g5 6. Bg3 Nc6 7. e3 Bb4 8. Nf3 Ne4
9. Rc1 Nxc3 10. bxc3 Ba3 11. Rb1 Bd6 12. Bd3 g4 13. Ne5 Bxe5 14. dxe5 h5 15. f4
gxf3 16. Qxf3 dxc4 17. Bxc4 h4 18. Bf4 f6 19. Rd1 Qe7 20. exf6 Qxf6 21. e4 Ne5
22. Bxe5 Qxe5 23. O-O Qc5+ 24. Kh1 Rf8 25. Qd3 Qe7 26. Rxf8+ Kxf8 27. Qd8+ Qe8
28. Qf6+ Kg8 29. Rd8 Qxd8 30. Qxd8+ Kg7 31. Bxe6 a5 32. Qxc7+ Kf6 33. Bxc8 Kg6
34. Bxb7 Rf8 35. Kg1 Rf7 36. Qd6+ Rf6 37. Qe5 a4 38. g3 hxg3 39. hxg3 Rf7 40.
Bd5 a3 41. Bxf7+ Kxf7 42. Qd6 Ke8 43. Qc7 Kf8 44. Kf2 Ke8 45. Ke3 Kf8 46. Kf4
Ke8 47. Ke5 Kf8 48. Kf6 1-0

[Event "AUTO-ADV-647"]
[Site "http://www.queenalice.com/game.php?id=271207"]
[Date "2007.9.13"]
[Round "1"]
[White "Dean20"]
[Black "Gustavo14deltablon"]
[Result "1-0"]
[WhiteElo "1911"]
[BlackElo "1676"]

1. e4 e6 2. Nc3 d5 3. d4 Bb4 4. Bd2 Nf6 5. e5 Nfd7 6. Nf3 a6 7. a3 Bxc3 8. Bxc3
c5 9. Be2 Nc6 10. O-O b5 11. b4 cxd4 12. Bxd4 Qc7 13. Re1 O-O 14. Bd3 f5 15. Ng5
Nxd4 16. Rc1 h6 17. Nf3 Nxf3+ 18. Qxf3 Nxe5 19. Qf4 Nxd3 20. Qxc7 Nxc1 21. Rxc1
Rf7 22. Qe5 Raa7 23. h3 Rac7 24. c3 Rc4 25. Qb8 Rfc7 26. Qb6 Rxc3 27. Rxc3 Rxc3
28. Qd8+ Kf7 29. Qa5 Ke7 30. a4 Bd7 31. Qxa6 bxa4 32. b5 a3 33. b6 Rb3 34. b7 a2
35. Qa7 Rb1+ 36. Kh2 a1=Q 37. b8=Q Qxa7 38. Qxa7 Rb5 39. Qd4 Kf7 40. Qa4 e5 41.
Qa7 Ke7 42. Qe3 Kf6 43. Qa7 Be6 44. Qa6 Rb4 45. Qa5 Rb8 46. g3 d4 47. Kg2 Rf8
48. Qb4 Rf7 49. Kf1 d3 50. f3 Rd7 51. Ke1 Kg6 52. Qc3 e4 53. Qe5 Bd5 54. fxe4
fxe4 55. Kd2 Kf7 56. Qf5+ Ke7 57. g4 Rd8 58. h4 Rd6 59. g5 hxg5 60. Qxg5+ Kf7
61. Qf5+ Kg8 62. h5 Bf7 63. h6 Rxh6 64. Qxe4 Bg6 65. Qg2 1-0

[Event "AUTO-ADV-647"]
[Site "http://www.queenalice.com/game.php?id=271208"]
[Date "2007.9.13"]
[Round "1"]
[White "Gustavo14deltablon"]
[Black "tupifc"]
[Result "0-1"]
[WhiteElo "1738"]
[BlackElo "1511"]

1. d4 d5 2. c4 dxc4 3. Nf3 Bf5 4. Nc3 e6 5. e3 Nc6 6. Bxc4 Nb4 7. e4 Bg6 8. a3
Nc6 9. Be3 Nf6 10. Bd3 Ng4 11. Qd2 Nxe3 12. fxe3 Bd6 13. e5 Be7 14. O-O Bxd3 15.
Qxd3 h6 16. b4 a6 17. Rac1 f6 18. Qg6+ Kd7 19. Rfd1 Kc8 20. d5 exd5 21. Rxd5 Qe8
22. Qxg7 fxe5 23. Nxe5 Rg8 24. Qxh6 Bg5 25. Qh7 Bxe3+ 26. Kh1 Bxc1 27. g3 Nxe5
28. Rxe5 Qc6+ 29. Ne4 Re8 30. Qf5+ Kb8 31. Kg1 Be3+ 32. Kg2 Qc2+ 33. Kf3 Rxe5
34. Qxe5 Bb6 35. Nf6 Ka7 36. a4 Qxa4 37. Nd5 Rf8+ 38. Kg4 Qd7+ 39. Kg5 Rg8+ 40.
Kf4 c6 41. Nxb6 Kxb6 42. Qc5+ Kc7 43. Qe5+ Qd6 44. h4 Qxe5+ 45. Kxe5 Rxg3 46.
Kf4 Rg8 47. h5 Kd7 48. Kf5 Ke7 49. h6 Kf7 50. Ke5 Kg6 51. h7 Kxh7 52. Kd6 Rg7
53. Kc5 Kg6 54. Kb6 Kf6 55. Ka5 Ke6 56. Kb6 Kd5 57. Ka5 Kc4 58. Ka4 Rg5 59. Ka3
b5 0-1

[Event "AUTO-ADV-647"]
[Site "http://www.queenalice.com/game.php?id=271209"]
[Date "2007.9.13"]
[Round "1"]
[White "tupifc"]
[Black "Gustavo14deltablon"]
[Result "1-0"]
[WhiteElo "1536"]
[BlackElo "1713"]

1. e4 e6 2. d4 d5 3. e5 c5 4. Nf3 cxd4 5. Nxd4 Nc6 6. Bb5 Bd7 7. Nxc6 Bxc6 8.
Bxc6+ bxc6 9. c3 Bc5 10. O-O Ne7 11. Kh1 O-O 12. f4 Qb6 13. b4 Be3 14. a4 Bxc1
15. Qxc1 c5 16. a5 Qc7 17. Na3 a6 18. bxc5 Qxc5 19. Nb1 Rfc8 20. Qa3 Rc7 21. Rf3
Rac8 22. Qxc5 Rxc5 23. Ra3 Nc6 24. Nd2 Rxa5 25. c4 Rxa3 26. Rxa3 a5 27. h3 Rb8
28. Nb3 dxc4 29. Nxa5 Nxa5 30. Rxa5 Rc8 31. Ra1 Kf8 32. Kg1 c3 33. Kf2 Ke8 34.
Ke3 c2 35. Rc1 Kd7 36. g4 Rc3+ 37. Kd2 Rxh3 38. Kxc2 Rf3 39. Rh1 Rxf4 40. g5 Rf5
41. Rxh7 Rxg5 42. Kd3 Kc6 43. Ke4 Kc5 44. Kf4 Rg1 45. Ke4 Kc4 46. Ke3 Kd5 47.
Kf4 Rf1+ 48. Ke3 Kxe5 49. Rxg7 f5 50. Rg5 Kf6 51. Rg8 Ke5 52. Rf8 Rh1 53. Kf3
Rh4 54. Kg3 Rg4+ 55. Kf3 Rd4 56. Ke3 Rf4 57. Re8 Rb4 58. Kf3 1-0

[Event "AUTO-ADV-647"]
[Site "http://www.queenalice.com/game.php?id=271210"]
[Date "2007.9.13"]
[Round "1"]
[White "Gustavo14deltablon"]
[Black "msmeyer"]
[Result "1-0"]
[WhiteElo "1726"]
[BlackElo "1554"]

1. d4 e6 2. c4 Bb4+ 3. Bd2 Bxd2+ 4. Nxd2 d5 5. e3 dxc4 6. Bxc4 a6 7. Ngf3 b5 8.
Bd3 Nc6 9. O-O Nge7 10. Rc1 f6 11. a3 e5 12. Nb3 exd4 13. Nbxd4 Nxd4 14. Nxd4 c5
15. Nf3 c4 16. Be4 Ra7 17. Qxd8+ Kxd8 18. Rfd1+ Rd7 19. Rxd7+ Bxd7 20. Rd1 f5
21. Bb7 Kc7 22. Ne5 Be6 23. Bxa6 Rb8 24. a4 bxa4 25. Bxc4 Bxc4 26. Nxc4 Rb4 27.
Rc1 Kc6 28. Rc2 Kb5 29. Na3+ Ka6 30. Kf1 Nd5 31. Ke2 f4 32. Rd2 Nf6 33. exf4 Ne4
34. Rc2 Ka5 35. g3 Rb3 36. Nc4+ Kb4 37. Nd2 Nxd2 38. Kxd2 Kb5 39. Ke2 1-0

[Event "AUTO-ADV-647"]
[Site "http://www.queenalice.com/game.php?id=271211"]
[Date "2007.9.13"]
[Round "1"]
[White "msmeyer"]
[Black "Gustavo14deltablon"]
[Result "0-1"]
[WhiteElo "1574"]
[BlackElo "1700"]

1. e4 e6 2. d4 d5 3. e5 c5 4. Be3 cxd4 5. Bxd4 Nc6 6. Bb5 Bd7 7. Qe2 Nxd4 8.
Bxd7+ Qxd7 9. Qd2 Nc6 10. Nf3 Bc5 11. c3 Nge7 12. b4 Bb6 13. Na3 Ng6 14. b5 Na5
15. O-O O-O 16. c4 Rfd8 17. c5 Bc7 18. Rab1 b6 19. cxb6 Bxb6 20. Qg5 h6 21. Qg4
Rac8 22. h3 Nc4 23. Nxc4 Rxc4 24. Qg3 Rdc8 25. Nd2 Rc2 26. Nb3 R8c3 27. Qg4 Nxe5
28. Qf4 Nd3 29. Qb8+ Kh7 30. Qf8 Nxf2 31. a4 Nxh3+ 32. Kh2 Qc7+ 33. Kh1 Nf2+ 34.
Kg1 Ng4+ 35. Kh1 Qh2# 0-1

[Event "Challenge"]
[Site "http://www.queenalice.com/game.php?id=272215"]
[Date "2007.9.15"]
[Round "-"]
[White "Gustavo14deltablon"]
[Black "kloosterveen"]
[Result "0-1"]
[WhiteElo "1746"]
[BlackElo "1951"]

1. d4 d5 2. c4 dxc4 3. Nf3 a6 4. e3 b5 5. a4 c6 6. axb5 cxb5 7. Nc3 Bb7 8. b3
cxb3 9. Qxb3 Bxf3 10. gxf3 e6 11. Nxb5 Nc6 12. Nc3 Nb4 13. Bd2 a5 14. Bb5+ Ke7
15. Ne4 f5 16. Ng3 Kf6 17. Nh5+ Kf7 18. Nf4 Nd5 19. Nd3 Bd6 20. e4 fxe4 21. fxe4
Nde7 22. f4 Ng6 23. e5 Qh4+ 24. Ke2 Qg4+ 25. Ke3 Bc7 26. Rag1 Qh4 27. f5 Qh3+
28. Rg3 Qh6+ 29. Ke2 Qh5+ 30. Ke1 Nf8 31. Nf4 Qxf5 32. Rf1 Qe4+ 33. Re3 Qb7 34.
Nxe6+ Ke7 35. Nxg7 Nh6 36. Qe6+ Nxe6 37. Nxe6 Kxe6 38. Bc4+ Ke7 39. Rb3 Qe4+ 40.
Be3 Qh4+ 41. Kd2 Qxh2+ 42. Rf2 Qh4 43. Rf6 Qh2+ 44. Kd3 Ng4 45. Rf7+ Ke8 46.
Rxc7 Qh3 47. Bb5+ Kf8 48. Ke4 Nxe3 49. Rxe3 Qg4+ 50. Kd3 Rb8 51. Bc6 Rb3+ 52.
Kd2 Qxd4+ 53. Ke2 Qxe3+ 54. Kf1 Rb1+ 55. Kg2 Rg8+ 0-1

[Event "Challenge"]
[Site "http://www.queenalice.com/game.php?id=272216"]
[Date "2007.9.15"]
[Round "-"]
[White "kloosterveen"]
[Black "Gustavo14deltablon"]
[Result "0-1"]
[WhiteElo "1973"]
[BlackElo "1722"]

1. d4 Nf6 2. e3 g6 3. Nf3 Bg7 4. g3 O-O 5. Bg2 d5 6. O-O Bg4 7. c3 Nbd7 8. Qb3
Rb8 9. Qa4 a6 10. Nbd2 c5 11. dxc5 Nxc5 12. Qf4 e6 13. b3 Bxf3 14. Bxf3 Nfe4 15.
Bxe4 Nxe4 16. Nxe4 dxe4 17. Bb2 f5 18. Ba3 Re8 19. Rfd1 Qa5 20. Bb4 Qb5 21. a4
Qc6 22. Qd6 Qxd6 23. Rxd6 Rbd8 24. Rxd8 Rxd8 25. Kg2 Rd3 26. Rc1 Kf7 27. h4 Ke8
28. a5 Kd7 29. Kf1 Kc6 30. Ke2 Kb5 31. f3 Be5 32. f4 Bc7 33. Ra1 b6 34. Be7 bxa5
35. Bf6 Bb6 36. c4+ Kb4 37. Be7+ Kc3 38. c5 Bc7 39. c6 Kxb3 40. Bf6 a4 41. Rc1
a3 42. Be5 Bxe5 43. fxe5 Rd8 44. c7 Rc8 45. Kd2 a2 46. Rc3+ Kb2 47. Rc2+ Kb3 48.
Rc3+ Kb4 49. Rc1 Rxc7 50. Rxc7 a1=Q 51. Rb7+ Ka5 52. Kc2 Qxe5 53. Rxh7 Qxg3 0-1

[Event "venezolano"]
[Site "http://www.queenalice.com/game.php?id=291371"]
[Date "2007.10.23"]
[Round "-"]
[White "Elvillamizar"]
[Black "Gustavo14deltablon"]
[Result "0-1"]
[WhiteElo "1130"]
[BlackElo "1724"]

1. d4 Nf6 2. c4 g6 3. Nc3 Bg7 4. g3 d6 5. Bg2 O-O 6. Nf3 Nbd7 7. O-O e5 8. e4 c6
9. Bg5 exd4 10. Nxd4 Re8 0-1

[Event "BOARD 2,DIV D."]
[Site "http://www.queenalice.com/game.php?id=302786"]
[Date "2007.11.12"]
[Round "1"]
[White "Gustavo14deltablon"]
[Black "ENDHER"]
[Result "0-1"]
[WhiteElo "1748"]
[BlackElo "2332"]

1. d4 Nf6 2. c4 d5 3. Nc3 g6 4. Nf3 Bg7 5. e3 O-O 6. Qb3 dxc4 7. Bxc4 Nc6 8. Ng5
e6 9. O-O Na5 10. Qa4 Nxc4 11. Qxc4 b6 12. Nge4 Nxe4 13. Nxe4 Qh4 14. Ng3 c5 15.
Rd1 e5 16. Ne2 Bb7 17. b3 exd4 18. exd4 Qg4 19. Nf4 Qxd1+ 20. Qf1 Qxf1+ 21. Kxf1
Bxd4 22. Rb1 g5 23. Nd3 Ba6 24. Ke2 Rfe8+ 25. Kd2 Rad8 26. Kc2 Re2+ 27. Bd2 Bc3
28. Kxc3 Rxd3+ 29. Kb2 Rdxd2+ 30. Kc1 Rxa2 0-1

[Event "Challenge"]
[Site "http://www.queenalice.com/game.php?id=703508"]
[Date "2009.12.26"]
[Round "-"]
[White "Gustavo14deltablon"]
[Black "Melted"]
[Result "0-1"]
[WhiteElo "1650"]
[BlackElo "2003"]

1. d4 d5 2. c4 Nc6 3. Nf3 e6 4. Nc3 Nf6 5. Bg5 Bb4 6. Qc2 O-O 7. e3 h6 8. Bh4
Bd7 9. Bd3 Ba5 10. O-O Nb4 11. Qe2 Nxd3 12. Qxd3 g5 13. Bg3 Bxc3 14. Qxc3 Ne4
15. Qc2 Be8 0-1